00492nam a2200157Ia 45000010006000000050017000060080041000230410008000640820017000721000034000892450152001232600009002753000034002846500008003186540008003262468420260414151100.0260414t2014||||xx |||||||||||||| ||spa|| aESP a345.721bS71 aSoto Coaguila, Carlos A.eAUT 0aAnuario latinoamericano de arbitraje :bconflictos de interés de los árbitros. Deber de revelación y deber de declaración de los árbitros c2014 axiii, 375 páginas :c24 cm. aDER aCDE